[Event "84th ESP-ch 2019"]
[Site "Marbella"]
[Date "2019.11.24"]
[Round "9.25"]
[White "Jimenez Ruano, Adrian"]
[Black "Luque Saiz, Andres"]
[Result "1-0"]
[WhiteElo "2269"]
[BlackElo "2140"]
[Annotator "NA"]
[PlyCount "75"]
[EventDate "2019.11.16"]
[EventType "swiss"]
[EventCountry "ESP"]
[SourceTitle "playchess.com"]
[Source "ChessBase"]
[SourceQuality "1"]
[TimeControl "5400+30"]

1. d4 {[%emt 0:00:00]} d5 {[%emt 0:00:00]} 2. c4 {[%emt 0:00:00]} c6 {[%emt 0:00:00]} 3. Nf3 {[%emt 0:00:00]} Nf6 {[%emt 0:00:04]} 4. Nc3 {[%emt 0:00:00]} dxc4 5. a4 {[%emt 0:00:00]} Bf5 {[%emt 0:00:40]} 6. Ne5 {[%emt 0:00:00]} Nbd7 {[%emt 0:00:09]} 7. Nxc4 {[%emt 0:00:00]} Nb6 {[%emt 0:00:46]} 8. Ne5 a5 {[%emt 0:00:33]} 9. h4 {[%emt 0:00:26]} h6 {[%emt 0:02:12]} 10. f3 {[%emt 0:01:00]} Bh7 11. e4 e6 {[%emt 0:02:33]} 12. Be3 {[%emt 0:01:19]} Nfd7 {[%emt 0:03:46]} 13. Nd3 {[%emt 0:10:36]} Bd6 14. Rh3 {[%emt 0:01:40]} Qc7 {[%emt 0:07:18]} 15. Qb3 {[%emt 0:04:37]} Bg3+ {[%emt 0:06:19]} 16. Ke2 {[%emt 0:02:27]} Bd6 {[%emt 0:02:10]} 17. Rc1 {[%emt 0:02:59]} Qd8 {[%emt 0:11:41]} 18. g4 {[%emt 0:18:22]} Be7 {[%emt 0:09:03]} 19. Bg2 {[%emt 0:00:04]} Bxh4 {[%emt 0:00:39]} 20. Rch1 Be7 21. f4 {[%emt 0:00:32]} Nf8 {[%emt 0:07:56]} 22. Bf3 {[%emt 0:07:45]} Bf6 {[%emt 0:12:39]} 23. Nc5 {[%emt 0:00:01]} Nbd7 {[%emt 0:01:06]} 24. Nxb7 {[%emt 0:09:02]} Qc7 {[%emt 0:01:41]} 25. Rc1 {[%emt 0:00:01]} Be7 {[%emt 0:13:02]} 26. Nb5 {[%emt 0:03:41]} Qb6 {[%emt 0:01:43]} 27. d5 {[%emt 0:00:00]} c5 {[%emt 0:05:27]} 28. d6 Bd8 {[%emt 0:06:33]} 29. Nxc5 {[%emt 0:18:37]} Nxc5 {[%emt 0:00:13]} 30. Bxc5 {[%emt 0:01:54]} Qa6 {[%emt 0:00:30]} 31. d7+ {[%emt 0:06:54]} Nxd7 {[%emt 0:00:33]} 32. Ba3 {[%emt 0:00:05]} Be7 {[%emt 0:03:06]} 33. Qd3 {[%emt 0:00:23]} Kd8 {[%emt 0:01:47]} 34. Rc7 {[%emt 0:00:36]} Qc8 {[%emt 0:00:30]} 35. Rxc8+ {[%emt 0:01:42]} Rxc8 {[%emt 0:01:41]} 36. Bxe7+ {[%emt 0:00:18]} Kxe7 {[%emt 0:00:04]} 37. Qd6+ {[%emt 0:00:30]} Ke8 {[%emt 0:00:11]} 38. Na7 {[%emt 0:00:43]} 1-0

[Event "84th ESP-ch 2019"]
[Site "Marbella"]
[Date "2019.11.24"]
[Round "9.26"]
[White "De La Cruz Revilla, Miguel"]
[Black "Silva Lucena, Cristian"]
[Result "1-0"]
[WhiteElo "2138"]
[BlackElo "2244"]
[Annotator "NA"]
[PlyCount "93"]
[EventDate "2019.11.16"]
[EventType "swiss"]
[EventCountry "ESP"]
[SourceTitle "playchess.com"]
[Source "ChessBase"]
[SourceQuality "1"]
[TimeControl "5400+30"]

1. e4 {[%emt 0:00:00]} e5 {[%emt 0:05:13]} 2. Nf3 {[%emt 0:01:48]} Nc6 {[%emt 0:00:04]} 3. d4 {[%emt 0:00:05]} exd4 {[%emt 0:00:09]} 4. Nxd4 {[%emt 0:00:04]} Nf6 {[%emt 0:00:30]} 5. Nxc6 {[%emt 0:00:09]} bxc6 {[%emt 0:00:10]} 6. e5 {[%emt 0:00:09]} Qe7 {[%emt 0:00:07]} 7. Qe2 {[%emt 0:00:05]} Nd5 {[%emt 0:00:06]} 8. c4 {[%emt 0:00:32]} Nb6 {[%emt 0:00:11]} 9. Nd2 Qe6 {[%emt 0:01:54]} 10. Qe4 {[%emt 0:23:50]} g6 {[%emt 0:03:32]} 11. Bd3 {[%emt 0:01:12]} Bg7 {[%emt 0:00:12]} 12. Nf3 {[%emt 0:02:01]} Ba6 {[%emt 0:04:13]} 13. c5 {[%emt 0:07:56]} Bxd3 {[%emt 0:02:52]} 14. Qxd3 {[%emt 0:00:08]} Qc4 {[%emt 0:00:30]} 15. Qxc4 {[%emt 0:13:10]} Nxc4 {[%emt 0:00:39]} 16. O-O {[%emt 0:00:02]} O-O {[%emt 0:04:43]} 17. Rd1 {[%emt 0:01:04]} Nxe5 {[%emt 0:00:45]} 18. Nxe5 {[%emt 0:02:20]} Bxe5 {[%emt 0:00:07]} 19. Rxd7 {[%emt 0:00:09]} Rfd8 {[%emt 0:00:19]} 20. Rxd8+ {[%emt 0:00:32]} Rxd8 {[%emt 0:00:03]} 21. Be3 {[%emt 0:02:32]} Bxb2 {[%emt 0:01:29]} 22. Rb1 {[%emt 0:00:12]} Rd5 {[%emt 0:00:46]} 23. Kf1 {[%emt 0:01:00]} Bd4 {[%emt 0:01:32]} 24. Bxd4 {[%emt 0:09:48]} Rxd4 {[%emt 0:00:03]} 25. Rb7 {[%emt 0:00:06]} Ra4 {[%emt 0:03:12]} 26. Rxc7 {[%emt 0:00:43]} Ra6 {[%emt 0:00:02]} 27. a4 {[%emt 0:01:00]} Kf8 {[%emt 0:00:28]} 28. Ke2 {[%emt 0:00:09]} Ke8 {[%emt 0:00:11]} 29. Ke3 {[%emt 0:02:07]} h5 {[%emt 0:00:20]} 30. g3 {[%emt 0:08:47]} Kf8 {[%emt 0:04:19]} 31. h4 {[%emt 0:00:07]} Kg7 {[%emt 0:00:22]} 32. a5 {[%emt 0:02:45]} Kf6 {[%emt 0:00:23]} 33. Kd4 {[%emt 0:00:27]} Ke6 {[%emt 0:02:22]} 34. Kc4 {[%emt 0:00:37]} Rxa5 {[%emt 0:00:05]} 35. Rxc6+ {[%emt 0:00:06]} Ke5 {[%emt 0:00:03]} 36. Rc7 {[%emt 0:04:43]} f6 {[%emt 0:02:05]} 37. Re7+ {[%emt 0:00:15]} Kf5 {[%emt 0:00:15]} 38. Re2 {[%emt 0:00:35]} Ra1 {[%emt 0:03:12]} 39. c6 {[%emt 0:01:22]} Rc1+ {[%emt 0:00:05]} 40. Kd5 {[%emt 0:00:13]} g5 {[%emt 0:00:43]} 41. Kd6 {[%emt 0:00:22]} Kg4 {[%emt 0:03:48]} 42. Rd2 {[%emt 0:01:59]} gxh4 {[%emt 0:01:04]} 43. Rd4+ {[%emt 0:00:08]} Kg5 {[%emt 0:01:01]} 44. gxh4+ {[%emt 0:00:10]} Kf5 {[%emt 0:00:03]} 45. c7 {[%emt 0:00:35]} a5 {[%emt 0:00:16]} 46. Rd5+ {[%emt 0:00:22]} Kg4 {[%emt 0:00:05]} 47. Rc5 {[%emt 0:00:19]} 1-0

[Event "84th ESP-ch 2019"]
[Site "Marbella"]
[Date "2019.11.24"]
[Round "9.27"]
[White "Kolotilina, Liudmila"]
[Black "Pindado Campos, Raul"]
[Result "1-0"]
[WhiteElo "2242"]
[BlackElo "2100"]
[Annotator "NA"]
[PlyCount "153"]
[EventDate "2019.11.16"]
[EventType "swiss"]
[EventCountry "ESP"]
[SourceTitle "playchess.com"]
[Source "ChessBase"]
[SourceQuality "1"]
[TimeControl "5400+30"]

1. e4 {[%emt 0:00:00]} c5 {[%emt 0:00:00]} 2. Nf3 {[%emt 0:00:00]} d6 {[%emt 0:00:00]} 3. d4 {[%emt 0:00:00]} cxd4 {[%emt 0:00:00]} 4. Nxd4 {[%emt 0:00:00]} Nf6 {[%emt 0:00:00]} 5. f3 {[%emt 0:00:00]} a6 {[%emt 0:00:39]} 6. c4 {[%emt 0:00:00]} e5 {[%emt 0:01:38]} 7. Nb3 {[%emt 0:00:11]} Be6 {[%emt 0:06:03]} 8. Nc3 {[%emt 0:00:18]} Be7 {[%emt 0:01:11]} 9. Be3 {[%emt 0:00:09]} O-O {[%emt 0:04:09]} 10. Nd5 {[%emt 0:02:45]} Nxd5 {[%emt 0:01:15]} 11. cxd5 {[%emt 0:00:37]} Bd7 {[%emt 0:00:12]} 12. Qd2 {[%emt 0:01:19]} f5 {[%emt 0:01:17]} 13. O-O-O {[%emt 0:04:20]} a5 {[%emt 0:00:50]} 14. Kb1 {[%emt 0:00:39]} a4 {[%emt 0:03:21]} 15. Nc1 {[%emt 0:00:02]} Na6 {[%emt 0:01:47]} 16. exf5 {[%emt 0:03:58]} a3 {[%emt 0:02:32]} 17. g4 {[%emt 0:02:20]} axb2 {[%emt 0:03:34]} 18. Nb3 {[%emt 0:02:46]} b6 {[%emt 0:05:30]} 19. Bxa6 {[%emt 0:13:27]} Rxa6 {[%emt 0:00:10]} 20. Qxb2 {[%emt 0:01:13]} Qa8 {[%emt 0:02:31]} 21. Rd2 {[%emt 0:03:36]} Rc8 {[%emt 0:07:14]} 22. Rc1 {[%emt 0:01:02]} Ra4 {[%emt 0:05:31]} 23. Rxc8+ {[%emt 0:03:24]} Qxc8 {[%emt 0:00:23]} 24. Bxb6 {[%emt 0:13:23]} Bg5 {[%emt 0:04:39]} 25. Rd1 {[%emt 0:03:35]} Rb4 {[%emt 0:06:05]} 26. Ba5 {[%emt 0:01:26]} Rb5 {[%emt 0:00:21]} 27. Bd2 {[%emt 0:19:34]} Bf6 {[%emt 0:03:28]} 28. Qc2 {[%emt 0:08:12]} Qb7 {[%emt 0:12:12]} 29. Be3 {[%emt 0:00:22]} h6 {[%emt 0:01:41]} 30. Qc4 {[%emt 0:07:54]} Rb4 {[%emt 0:01:53]} 31. Qc3 {[%emt 0:00:00]} Ba4 {[%emt 0:01:44]} 32. Kb2 {[%emt 0:00:17]} Bxb3 {[%emt 0:04:06]} 33. axb3 {[%emt 0:00:01]} e4 {[%emt 0:00:14]} 34. Rd4 {[%emt 0:03:17]} Bxd4 {[%emt 0:00:54]} 35. Bxd4 {[%emt 0:00:08]} exf3 {[%emt 0:00:51]} 36. Qe3 {[%emt 0:03:01]} Qb5 {[%emt 0:02:29]} 37. Qe6+ {[%emt 0:01:07]} Kf8 {[%emt 0:08:15]} 38. Qxd6+ {[%emt 0:01:25]} Ke8 {[%emt 0:01:57]} 39. Qe6+ {[%emt 0:00:23]} Kd8 {[%emt 0:01:02]} 40. Qd6+ {[%emt 0:00:10]} Ke8 {[%emt 0:01:55]} 41. Qe6+ {[%emt 0:00:41]} Kd8 {[%emt 0:00:06]} 42. Qg8+ {[%emt 0:00:14]} Qe8 {[%emt 0:03:34]} 43. Qxg7 {[%emt 0:00:02]} Qe2+ {[%emt 0:02:29]} 44. Ka3 {[%emt 0:00:08]} Rxd4 {[%emt 0:00:44]} 45. Qxd4 {[%emt 0:00:03]} f2 {[%emt 0:00:33]} 46. Qb6+ {[%emt 0:01:34]} Ke8 {[%emt 0:00:46]} 47. Qc6+ {[%emt 0:00:55]} Kf8 {[%emt 0:00:50]} 48. Qxh6+ {[%emt 0:00:28]} Ke8 {[%emt 0:00:01]} 49. Qc6+ {[%emt 0:01:39]} Kf8 {[%emt 0:00:07]} 50. Qc8+ {[%emt 0:01:41]} Kf7 {[%emt 0:01:22]} 51. Qc7+ {[%emt 0:00:16]} Qe7+ {[%emt 0:00:13]} 52. d6 {[%emt 0:00:01]} Qxc7 {[%emt 0:00:43]} 53. dxc7 {[%emt 0:00:01]} f1=Q {[%emt 0:00:11]} 54. c8=Q {[%emt 0:00:03]} Qa1+ {[%emt 0:00:50]} 55. Kb4 {[%emt 0:00:02]} Qe1+ {[%emt 0:00:22]} 56. Qc3 {[%emt 0:00:44]} Qe7+ {[%emt 0:00:17]} 57. Qc5 {[%emt 0:00:18]} Qb7+ {[%emt 0:00:36]} 58. Kc4 {[%emt 0:01:02]} Qe4+ {[%emt 0:00:16]} 59. Qd4 {[%emt 0:00:12]} Qc6+ {[%emt 0:00:07]} 60. Kd3 {[%emt 0:01:06]} Qf3+ {[%emt 0:00:01]} 61. Qe3 {[%emt 0:01:01]} Qd5+ {[%emt 0:00:01]} 62. Kc3 {[%emt 0:00:49]} Qc6+ {[%emt 0:00:11]} 63. Kb2 {[%emt 0:00:59]} Qg2+ {[%emt 0:00:08]} 64. Kb1 {[%emt 0:00:19]} Qh1+ {[%emt 0:00:12]} 65. Qc1 {[%emt 0:00:15]} Qe4+ {[%emt 0:00:20]} 66. Qc2 {[%emt 0:00:25]} Qe1+ {[%emt 0:00:07]} 67. Kb2 {[%emt 0:00:48]} Qe5+ {[%emt 0:00:11]} 68. Qc3 {[%emt 0:00:18]} Qe2+ {[%emt 0:00:06]} 69. Ka3 {[%emt 0:00:41]} Qa6+ {[%emt 0:00:19]} 70. Kb4 {[%emt 0:00:02]} Qb7+ {[%emt 0:00:25]} 71. Kc4 {[%emt 0:00:35]} Qe4+ {[%emt 0:00:13]} 72. Qd4 {[%emt 0:00:33]} Qc6+ {[%emt 0:00:04]} 73. Qc5 {[%emt 0:00:18]} Qe4+ {[%emt 0:00:07]} 74. Kb5 {[%emt 0:00:16]} Qb7+ {[%emt 0:00:08]} 75. Qb6 {[%emt 0:00:26]} Qd5+ {[%emt 0:00:02]} 76. Ka6 {[%emt 0:00:40]} Qd3+ {[%emt 0:00:24]} 77. Ka7 {[%emt 0:00:22]} 1-0

[Event "84th ESP-ch 2019"]
[Site "Marbella"]
[Date "2019.11.24"]
[Round "9.28"]
[White "Garcia Romero, Benjamin Abel"]
[Black "Arroyo Rodriguez, Jesus"]
[Result "1-0"]
[WhiteElo "2234"]
[BlackElo "2112"]
[Annotator "NA"]
[PlyCount "37"]
[EventDate "2019.11.16"]
[EventType "swiss"]
[EventCountry "ESP"]
[SourceTitle "playchess.com"]
[Source "ChessBase"]
[SourceQuality "1"]
[TimeControl "5400+30"]

1. e4 {[%emt 0:00:00]} e6 {[%emt 0:03:44]} 2. d4 {[%emt 0:02:23]} d5 {[%emt 0:00:03]} 3. Nc3 {[%emt 0:01:20]} Nf6 {[%emt 0:00:07]} 4. Bg5 {[%emt 0:01:34]} dxe4 {[%emt 0:00:09]} 5. Nxe4 {[%emt 0:00:39]} Be7 {[%emt 0:00:07]} 6. Bxf6 {[%emt 0:01:25]} gxf6 {[%emt 0:00:03]} 7. Nf3 {[%emt 0:13:11]} b6 {[%emt 0:08:37]} 8. Bc4 {[%emt 0:05:26]} Bb7 {[%emt 0:03:03]} 9. Qe2 {[%emt 0:00:33]} O-O {[%emt 0:06:52]} 10. O-O-O {[%emt 0:03:05]} c6 {[%emt 0:04:36]} 11. h4 {[%emt 0:14:25]} Nd7 {[%emt 0:08:20]} 12. Kb1 {[%emt 0:04:54]} Kh8 {[%emt 0:06:08]} 13. Nfg5 {[%emt 0:00:53]} h6 {[%emt 0:15:32]} 14. Qh5 {[%emt 0:10:59]} Kg7 {[%emt 0:01:18]} 15. Nxf7 {[%emt 0:00:57]} Rxf7 {[%emt 0:03:10]} 16. Bxe6 {[%emt 0:00:11]} Rf8 {[%emt 0:02:54]} 17. Qg4+ {[%emt 0:01:39]} Kh8 {[%emt 0:00:17]} 18. Qg6 {[%emt 0:00:11]} c5 {[%emt 0:01:17]} 19. Qxh6# 1-0

[Event "84th ESP-ch 2019"]
[Site "Marbella"]
[Date "2019.11.24"]
[Round "9.29"]
[White "Carbonell Bofill, Carlos Eloy"]
[Black "Medarde Santiago, Luis Marcos"]
[Result "0-1"]
[WhiteElo "2098"]
[BlackElo "2285"]
[Annotator "NA"]
[PlyCount "76"]
[EventDate "2019.11.16"]
[EventType "swiss"]
[EventCountry "ESP"]
[SourceTitle "playchess.com"]
[Source "ChessBase"]
[SourceQuality "1"]
[TimeControl "5400+30"]

1. d4 {[%emt 0:00:00]} Nf6 {[%emt 0:09:53]} 2. g3 {[%emt 0:00:00]} c5 {[%emt 0:05:50]} 3. d5 {[%emt 0:00:26]} e6 {[%emt 0:01:52]} 4. c4 {[%emt 0:00:54]} exd5 {[%emt 0:00:05]} 5. cxd5 {[%emt 0:00:05]} d6 {[%emt 0:00:03]} 6. Nc3 {[%emt 0:00:23]} g6 {[%emt 0:00:10]} 7. Qa4+ {[%emt 0:07:50]} Nbd7 {[%emt 0:10:05]} 8. g4 {[%emt 0:00:39]} a6 {[%emt 0:13:08]} 9. g5 {[%emt 0:09:53]} Nh5 {[%emt 0:01:58]} 10. f4 {[%emt 0:00:14]} h6 {[%emt 0:04:27]} 11. f5 {[%emt 0:00:33]} hxg5 {[%emt 0:05:19]} 12. fxg6 {[%emt 0:02:29]} f5 {[%emt 0:07:40]} 13. Nf3 {[%emt 0:05:06]} Be7 {[%emt 0:00:55]} 14. h4 {[%emt 0:01:40]} gxh4 {[%emt 0:01:41]} 15. Nxh4 {[%emt 0:02:48]} b5 {[%emt 0:00:30]} 16. Nxb5 {[%emt 0:01:00]} axb5 {[%emt 0:03:14]} 17. Qxa8 {[%emt 0:01:14]} Bxh4+ {[%emt 0:00:15]} 18. Kd1 {[%emt 0:00:40]} Bf6 {[%emt 0:04:13]} 19. Bg5 {[%emt 0:01:56]} Bxg5 {[%emt 0:03:28]} 20. g7 {[%emt 0:00:07]} Rg8 {[%emt 0:02:16]} 21. Rxh5 {[%emt 0:00:02]} Kf7 {[%emt 0:00:34]} 22. Bh3 {[%emt 0:06:43]} Kg6 {[%emt 0:04:27]} 23. Rh8 {[%emt 0:02:24]} Rxh8 {[%emt 0:00:39]} 24. gxh8=R {[%emt 0:00:08]} Qxh8 {[%emt 0:00:11]} 25. Kc2 {[%emt 0:07:24]} Nb6 {[%emt 0:00:50]} 26. Qa5 {[%emt 0:05:23]} Nc4 {[%emt 0:00:39]} 27. Qxb5 {[%emt 0:00:01]} Na3+ {[%emt 0:02:49]} 28. bxa3 {[%emt 0:00:16]} Qxa1 {[%emt 0:00:02]} 29. Qe8+ {[%emt 0:01:36]} Kg7 {[%emt 0:00:29]} 30. Qxc8 {[%emt 0:00:51]} Qxa2+ {[%emt 0:03:44]} 31. Kc3 {[%emt 0:00:47]} Qxa3+ {[%emt 0:00:35]} 32. Kc2 {[%emt 0:00:50]} Qc1+ {[%emt 0:00:59]} 33. Kb3 {[%emt 0:00:40]} Qb1+ {[%emt 0:00:14]} 34. Kc3 {[%emt 0:00:26]} Qb4+ {[%emt 0:02:33]} 35. Kc2 {[%emt 0:00:07]} Qc4+ {[%emt 0:01:20]} 36. Kb2 {[%emt 0:00:25]} Bf6+ {[%emt 0:00:16]} 37. Kb1 {[%emt 0:00:37]} Qb3+ {[%emt 0:00:02]} 38. Kc1 {[%emt 0:00:17]} Bg5+ {[%emt 0:00:01]} 0-1

[Event "84th ESP-ch 2019"]
[Site "Marbella"]
[Date "2019.11.24"]
[Round "9.30"]
[White "Gutierrez Curras, Daniel"]
[Black "Hernandez Roldan, Miguel"]
[Result "0-1"]
[WhiteElo "2025"]
[BlackElo "2229"]
[Annotator "NA"]
[PlyCount "164"]
[EventDate "2019.11.16"]
[EventType "swiss"]
[EventCountry "ESP"]
[SourceTitle "playchess.com"]
[Source "ChessBase"]
[SourceQuality "1"]
[TimeControl "5400+30"]

1. e4 {[%emt 0:00:00]} c5 {[%emt 0:00:00]} 2. Nc3 {[%emt 0:00:00]} Nc6 {[%emt 0:00:33]} 3. f4 {[%emt 0:02:26]} g6 {[%emt 0:00:13]} 4. Nf3 {[%emt 0:00:46]} Bg7 {[%emt 0:00:05]} 5. Bb5 {[%emt 0:01:22]} Nd4 {[%emt 0:06:28]} 6. O-O {[%emt 0:01:00]} e6 {[%emt 0:00:48]} 7. Bc4 {[%emt 0:06:44]} d6 {[%emt 0:03:18]} 8. d3 {[%emt 0:00:52]} Ne7 {[%emt 0:00:32]} 9. a4 {[%emt 0:05:28]} O-O {[%emt 0:05:56]} 10. Ba2 {[%emt 0:08:05]} Kh8 {[%emt 0:06:42]} 11. Bd2 {[%emt 0:02:52]} Bd7 {[%emt 0:01:35]} 12. f5 {[%emt 0:03:13]} exf5 {[%emt 0:07:08]} 13. Bf4 {[%emt 0:03:36]} Be6 {[%emt 0:01:47]} 14. Nxd4 {[%emt 0:08:14]} Bxd4+ {[%emt 0:00:05]} 15. Kh1 {[%emt 0:00:11]} Be5 {[%emt 0:02:55]} 16. Bh6 {[%emt 0:02:17]} Re8 {[%emt 0:04:20]} 17. Bxe6 {[%emt 0:04:50]} fxe6 {[%emt 0:00:15]} 18. Rf3 {[%emt 0:00:11]} Ng8 {[%emt 0:02:24]} 19. Bd2 {[%emt 0:00:42]} Rf8 {[%emt 0:02:40]} 20. exf5 {[%emt 0:05:45]} gxf5 {[%emt 0:00:26]} 21. Rh3 {[%emt 0:00:27]} Qd7 {[%emt 0:01:36]} 22. Qf3 {[%emt 0:01:55]} Rab8 {[%emt 0:02:17]} 23. Re1 {[%emt 0:04:01]} Qg7 {[%emt 0:02:49]} 24. Nb5 {[%emt 0:02:16]} Qg4 {[%emt 0:08:47]} 25. b3 {[%emt 0:01:28]} a6 {[%emt 0:07:23]} 26. Nc3 {[%emt 0:03:30]} Qxf3 {[%emt 0:01:18]} 27. gxf3 {[%emt 0:00:10]} Rbe8 {[%emt 0:01:46]} 28. Nd1 {[%emt 0:02:21]} Bg7 {[%emt 0:01:19]} 29. a5 {[%emt 0:00:24]} Nf6 {[%emt 0:00:30]} 30. Rg1 {[%emt 0:01:24]} Rg8 {[%emt 0:01:44]} 31. b4 {[%emt 0:01:27]} Nd5 {[%emt 0:01:33]} 32. bxc5 {[%emt 0:00:22]} Bd4 {[%emt 0:00:04]} 33. Rf1 {[%emt 0:01:14]} Bxc5 {[%emt 0:04:25]} 34. c4 {[%emt 0:02:15]} Bb4 {[%emt 0:01:39]} 35. Bc1 {[%emt 0:00:11]} Nf6 {[%emt 0:00:27]} 36. Bb2 {[%emt 0:00:31]} Rg6 {[%emt 0:00:48]} 37. Rg3 {[%emt 0:00:14]} Kg7 {[%emt 0:00:07]} 38. Bc3 {[%emt 0:03:26]} Bxc3 {[%emt 0:01:29]} 39. Nxc3 {[%emt 0:00:07]} Nh5 {[%emt 0:00:03]} 40. Rxg6+ {[%emt 0:00:49]} hxg6 {[%emt 0:00:07]} 41. Rb1 {[%emt 0:00:04]} Re7 {[%emt 0:00:13]} 42. Rb6 {[%emt 0:00:27]} Rd7 {[%emt 0:00:07]} 43. Ne2 {[%emt 0:02:13]} Kf6 {[%emt 0:00:49]} 44. Kg2 {[%emt 0:00:32]} Ke7 {[%emt 0:00:53]} 45. Kf2 {[%emt 0:00:14]} Kd8 {[%emt 0:00:42]} 46. Ke3 {[%emt 0:01:14]} Kc7 {[%emt 0:00:09]} 47. Nd4 {[%emt 0:00:48]} Re7 {[%emt 0:01:45]} 48. Ne2 {[%emt 0:01:46]} e5 {[%emt 0:02:28]} 49. Nc3 {[%emt 0:00:44]} Nf4 {[%emt 0:00:10]} 50. Rb2 {[%emt 0:03:11]} Rh7 {[%emt 0:01:32]} 51. d4 {[%emt 0:00:20]} exd4+ {[%emt 0:00:28]} 52. Kxd4 {[%emt 0:00:14]} g5 {[%emt 0:03:00]} 53. Nd5+ {[%emt 0:01:21]} Nxd5 {[%emt 0:00:13]} 54. Kxd5 {[%emt 0:00:06]} Re7 {[%emt 0:00:56]} 55. Rg2 {[%emt 0:00:30]} Re5+ {[%emt 0:00:10]} 56. Kd4 {[%emt 0:00:11]} f4 {[%emt 0:00:14]} 57. Rg4 {[%emt 0:00:37]} Rxa5 {[%emt 0:00:40]} 58. h4 {[%emt 0:00:09]} gxh4 {[%emt 0:00:19]} 59. Rxh4 {[%emt 0:00:09]} Rf5 {[%emt 0:01:06]} 60. Ke4 {[%emt 0:00:28]} Rc5 {[%emt 0:00:24]} 61. Kd4 {[%emt 0:00:21]} b5 {[%emt 0:00:17]} 62. cxb5 {[%emt 0:00:35]} axb5 {[%emt 0:00:25]} 63. Rh7+ {[%emt 0:00:57]} Kc6 {[%emt 0:00:09]} 64. Ke4 {[%emt 0:02:08]} Rc4+ {[%emt 0:00:14]} 65. Kd3 {[%emt 0:00:06]} Ra4 {[%emt 0:01:40]} 66. Rf7 {[%emt 0:00:20]} Kc5 {[%emt 0:00:35]} 67. Kc2 {[%emt 0:02:49]} Rd4 {[%emt 0:00:18]} 68. Rf5+ {[%emt 0:00:45]} Kc4 {[%emt 0:00:04]} 69. Rf8 {[%emt 0:00:13]} b4 {[%emt 0:00:05]} 70. Rc8+ {[%emt 0:00:13]} Kd5 {[%emt 0:00:06]} 71. Rb8 {[%emt 0:00:56]} Rc4+ {[%emt 0:02:26]} 72. Kd3 {[%emt 0:01:03]} Rc3+ {[%emt 0:00:06]} 73. Kd2 {[%emt 0:00:31]} Rb3 {[%emt 0:01:21]} 74. Kc2 {[%emt 0:00:18]} Rxf3 {[%emt 0:00:12]} 75. Rxb4 {[%emt 0:00:08]} Ke5 {[%emt 0:00:04]} 76. Kd2 {[%emt 0:00:10]} Re3 {[%emt 0:00:06]} 77. Ra4 {[%emt 0:00:25]} d5 {[%emt 0:00:09]} 78. Rb4 {[%emt 0:01:17]} d4 {[%emt 0:00:44]} 79. Ra4 {[%emt 0:00:12]} f3 {[%emt 0:00:39]} 80. Ra8 {[%emt 0:01:01]} Rb3 {[%emt 0:02:51]} 81. Re8+ {[%emt 0:00:35]} Kf4 {[%emt 0:01:49]} 82. Ke1 {[%emt 0:01:45]} Rc3 0-1

[Event "84th ESP-ch 2019"]
[Site "Marbella"]
[Date "2019.11.24"]
[Round "9.31"]
[White "Medina Romero, Jose"]
[Black "Rodriguez Redondo, Adhara"]
[Result "0-1"]
[WhiteElo "2083"]
[BlackElo "2199"]
[Annotator "NA"]
[PlyCount "86"]
[EventDate "2019.11.16"]
[EventType "swiss"]
[EventCountry "ESP"]
[SourceTitle "playchess.com"]
[Source "ChessBase"]
[SourceQuality "1"]
[TimeControl "5400+30"]

1. d4 {[%emt 0:00:00]} d5 {[%emt 0:00:00]} 2. c4 {[%emt 0:00:00]} e6 {[%emt 0:00:00]} 3. Nc3 {[%emt 0:00:00]} Be7 {[%emt 0:00:00]} 4. cxd5 {[%emt 0:00:20]} exd5 {[%emt 0:00:00]} 5. Bf4 {[%emt 0:00:20]} c6 {[%emt 0:02:25]} 6. e3 {[%emt 0:00:09]} Bf5 {[%emt 0:01:38]} 7. Qb3 {[%emt 0:01:34]} Qb6 {[%emt 0:03:01]} 8. Qxb6 {[%emt 0:00:34]} axb6 {[%emt 0:00:07]} 9. Kd2 {[%emt 0:02:26]} Nd7 {[%emt 0:03:08]} 10. Bd3 {[%emt 0:00:16]} Bxd3 {[%emt 0:01:06]} 11. Kxd3 {[%emt 0:00:08]} b5 {[%emt 0:07:09]} 12. Nf3 {[%emt 0:06:39]} b4 {[%emt 0:02:40]} 13. Nb1 {[%emt 0:00:44]} Ngf6 {[%emt 0:02:29]} 14. Nbd2 {[%emt 0:00:50]} O-O {[%emt 0:02:25]} 15. Ne5 {[%emt 0:00:58]} Ra6 {[%emt 0:04:00]} 16. Bg5 {[%emt 0:07:36]} Bd6 {[%emt 0:06:35]} 17. Nxd7 {[%emt 0:05:22]} Nxd7 {[%emt 0:00:06]} 18. Nb3 {[%emt 0:01:09]} Rfa8 {[%emt 0:02:27]} 19. Nc1 {[%emt 0:00:16]} b6 {[%emt 0:04:29]} 20. b3 {[%emt 0:00:57]} c5 {[%emt 0:09:46]} 21. Rb1 {[%emt 0:05:02]} Ra3 {[%emt 0:04:26]} 22. f3 {[%emt 0:02:51]} c4+ {[%emt 0:03:02]} 23. Kd2 {[%emt 0:00:41]} b5 {[%emt 0:04:02]} 24. h3 {[%emt 0:02:56]} f6 {[%emt 0:04:54]} 25. Bh4 {[%emt 0:00:23]} Kf7 {[%emt 0:01:09]} 26. Re1 {[%emt 0:00:19]} g5 {[%emt 0:03:32]} 27. Bf2 {[%emt 0:00:14]} Rxa2+ {[%emt 0:01:09]} 28. Nxa2 {[%emt 0:01:03]} Rxa2+ {[%emt 0:00:06]} 29. Kd1 {[%emt 0:01:02]} Rxf2 {[%emt 0:00:09]} 30. Re2 {[%emt 0:00:21]} Rxe2 {[%emt 0:02:35]} 31. Kxe2 {[%emt 0:00:09]} Ke6 {[%emt 0:01:10]} 32. g4 {[%emt 0:02:50]} Nb8 {[%emt 0:04:03]} 33. Ra1 {[%emt 0:15:39]} Nc6 {[%emt 0:00:19]} 34. Ra6 {[%emt 0:00:18]} Kd7 {[%emt 0:04:59]} 35. Rb6 {[%emt 0:00:08]} Na5 {[%emt 0:01:35]} 36. Rxb5 {[%emt 0:00:10]} Nxb3 {[%emt 0:00:13]} 37. Rxd5 {[%emt 0:00:55]} Kc6 {[%emt 0:00:29]} 38. Rf5 {[%emt 0:00:27]} Be7 {[%emt 0:02:02]} 39. h4 {[%emt 0:00:47]} h6 {[%emt 0:01:23]} 40. hxg5 {[%emt 0:00:26]} hxg5 {[%emt 0:00:09]} 41. Kd1 {[%emt 0:02:02]} c3 {[%emt 0:03:38]} 42. f4 {[%emt 0:16:23]} gxf4 {[%emt 0:00:59]} 43. Kc2 {[%emt 0:00:06]} fxe3 {[%emt 0:02:16]} 0-1